| 000 | 00721nam a22002657a 4500 | ||
|---|---|---|---|
| 003 | PE SENCICO BE | ||
| 005 | 20251020182709.0 | ||
| 008 | 241218b |||||||| |||| 00| 0 eng d | ||
| 020 | _a978-3-938780-39-8 | ||
| 040 |
_aPE SENCICO BE _cPE SENCICO BE |
||
| 041 | _aeng | ||
| 082 |
_a725.73 _bK79 |
||
| 100 | 1 |
_91036 _aKramer, Sibylle _eautor |
|
| 245 | 1 |
_aBath & spa / _cSibylle Kramer |
|
| 250 | _a1st ed. | ||
| 260 |
_aBerlin : _bBraun ; _c2008 |
||
| 300 |
_a269 p. : _bil. col. ; _c30 cm. |
||
| 650 | 1 | 0 |
_91047 _aBaños |
| 650 | 2 | 0 |
_91008 _aSpas |
| 650 | 2 | 0 |
_98 _aArquitectura de interiores |
| 650 | 2 | 0 |
_944 _aDiseño de interiores |
| 650 | 2 | 0 |
_91806 _aHoteles |
| 910 |
_ahfp _bhfp _chfp |
||
| 942 |
_2ddc _cLIB |
||
| 999 |
_c5031 _d5031 |
||